Ecological census techniques : a handbook
Αποθηκεύτηκε σε:
| Άλλοι συγγραφείς: | |
|---|---|
| Μορφή: | Βιβλίο |
| Γλώσσα: | English |
| Δημοσίευση: |
Cambridge :
Cambridge University Press,
2006
|
| Έκδοση: | 2nd ed. |
| Θέματα: | |
| Ετικέτες: |
Προσθήκη ετικέτας
Δεν υπάρχουν, Καταχωρήστε ετικέτα πρώτοι!
|
MARC
| LEADER | 00000nam a2200000 i 4500 | ||
|---|---|---|---|
| 001 | 1/68308 | ||
| 008 | 071217s2006 eng d | ||
| 020 | |a 0-521-84462-2 | ||
| 035 | |l 10093206 | ||
| 040 | |a GR-MY-UA |b |e aacr | ||
| 041 | 0 | |a eng | |
| 082 | 0 | |a 577.0723 |2 (22) | |
| 245 | 1 | 0 | |a Ecological census techniques : |b a handbook / |c edited by William J. Sutherland |
| 250 | |a 2nd ed. | ||
| 260 | |a Cambridge : |b Cambridge University Press, |c 2006 | ||
| 300 | |a xv, 432 σ.; |b εικ., χάρτες; |c 26 εκ. | ||
| 504 | |a Περιέχει βιβλιογραφικές παραπομπές και ευρετήριο | ||
| 650 | 0 | 0 | |a Ecological surveys |x Methodology. |
| 700 | 1 | |a Sutherland, William J. |4 edt | |
| 852 | |a INST |b LESVOS |e 20071217 |h 577.0723 ECO |p 005100040392 |q 005100040392 |t BK |y 0 | ||
| 901 | |a BIBL1-2007-3 | ||
| 909 | |a Λ |b 142337 | ||
| 922 | |a 1ΕΛΗ |b 200712 |c ΕΠΕΑΕΚ2/ΤΠ |d ΕΛΕΥΘΕΡΟΥΔΑΚΗΣ | ||
| 970 | |a ΚΑΡΑ |b ΓΙΑΣΕΜΗ |z 2007/12/17 | ||